| 000 | 00695nam a22002057a 4500 | ||
|---|---|---|---|
| 999 |
_c19320 _d19320 |
||
| 003 | AR-CdUCM | ||
| 008 | 190517b ||||| |||| 00| 0 spa d | ||
| 040 |
_aMUNICIPALIDAD PROVINCIAL DEL CUSCO _cBIBLIOTECA MUNICIPAL DEL CUSCO |
||
| 082 |
_a657.02 / _bF47 |
||
| 100 |
_aFields, Louis W _940594 |
||
| 245 | _aContabilidad simplificada / | ||
| 260 |
_aMexico : _bMinerva-Doubleday, _c1965. |
||
| 300 |
_a181 paginas ; _c27 cm. |
||
| 505 | _aContenido: Activo -- capital -- La cuenta -- La cuenta de ingresos por ventas -- Cuentas por cobrar... | ||
| 650 |
_aContabilidad _910543 |
||
| 650 |
_aPrincipios _95198 |
||
| 700 |
_aDiaz, S _940595 |
||
| 942 |
_2ddc _cLIBROS |
||
| 945 |
_apjha _d2019-05-17 |
||